000 00726nam a2200217Ia 4500
003 GCL
005 20240530095405.0
008 140319s9999 xx 000 0 ara d
020 _a2820501977
040 _aGCL /
_cGCL
082 0 4 _a812
_bف م
100 1 _aفراس الراشد
245 1 0 _aالمنشاريعزف الحانا /
_cفراس الراشد
260 _aالقاهرة :
_bالهيئة المصرية العامة للكتاب ،
_c2001
300 _a80 ص ؛
_c20 سم
490 _aمسابقة تيمور للابداع المسرحى
_v0
650 0 4 _aالمسرحيات
650 0 4 _aالمسرحيات العربية - مصر
650 0 4 _aالمسرحيات - مسابقات
942 _2ddc
_cBK
999 _c6769
_d6769